书目信息 |
| 题名: |
植物嫁接的理论与实践
|
|
| 作者: | 蔡以欣 编著 | |
| 分册: | ||
| 出版信息: | 上海 上海科学技术出版社 1957 |
|
| 页数: | 137页 | |
| 开本: | 20cm | |
| 丛书名: | ||
| 单 册: | ||
| 中图分类: | Q945.52 | |
| 科图分类: | ||
| 主题词: | 嫁接 | |
| 电子资源: | ||
| ISBN: | 16119.77 | |
| 000 | 00631cam0 2200229 450 | |
| 001 | 0105416312 | |
| 005 | 20071130141428.0 | |
| 010 | @a16119.77@dCNY0.85 | |
| 091 | @a16119.77@dCNY0.85 | |
| 100 | @a19970311d1957 em y0chiy0110 ea | |
| 101 | 0 | @achi |
| 102 | @aCN@b310000 | |
| 105 | @ay z 000yy | |
| 106 | @ar | |
| 200 | 1 | @a植物嫁接的理论与实践@9Zhi Wu Jia Jie De;Di Li Lun Yu Shi Jian @f蔡以欣编著@b专著 |
| 210 | @a上海@c上海科学技术出版社@d1957 | |
| 215 | @a137页@d20cm | |
| 606 | 0 | @a嫁接 |
| 690 | @aQ945.52@v3 | |
| 701 | 0 | @a蔡以欣@9cai yi xin@4编著 |
| 801 | 0 | @aCN@bAiZhiMarc |
| 905 | @aBZT@dQ945.52@e1@f1@sQ945.52/1 | |
| 植物嫁接的理论与实践/蔡以欣编著.-上海:上海科学技术出版社,1957 |
| 137页;20cm |
| ISBN 16119.77:CNY0.85 |
| ● |
| 相关链接 |
|
|
|
正题名:植物嫁接的理论与实践
索取号:Q945.52/1
 
预约/预借
| 序号 | 登录号 | 条形码 | 馆藏地/架位号 | 状态 | 备注 |
| 1 | 2000146784 | 2000146784 | 旧书回溯/ [索取号:Q945.52/1] | 在馆 |